| 000 | 00576nam a2200217 a 4500 | ||
|---|---|---|---|
| 001 | BRCA_8264 | ||
| 005 | 20190320210213.0 | ||
| 008 | 060614s1952----nyud###f##---#000-0#eng-# | ||
| 041 | _aeng | ||
| 044 | _anyu | ||
| 050 | 4 |
_aHG4651 _b.K56 1952 |
|
| 100 | 1 |
_aKimber, Albert W. _920634 |
|
| 245 | 1 | 0 |
_aCanadian dollars bonds _b1952 _cAlbert W. Kimber. |
| 260 |
_aNueva York _bWhite, Weld & Co. _c1952 |
||
| 300 |
_a40 p. _bil., tablas _c28 cm. |
||
| 500 | _aS19 | ||
| 650 | 1 | 4 |
_aBonos financieros _zCanadá _920635 |
| 650 | 1 | 4 |
_aDólares _914798 |
| 902 | _aGFM | ||
| 942 |
_2lcc _cB |
||
| 999 |
_c7932 _d7932 |
||